MARC details
| 000 -LEADER |
| campo de control de longitud fija |
01874nam a22002415i 4500 |
| 001 - NÚMERO DE CONTROL |
| campo de control |
166007 |
| 003 - IDENTIFICADOR DE NÚMERO DE CONTROL |
| campo de control |
ES-MaACL |
| 005 - FECHA Y HORA DE LA ÚLTIMA TRANSACCIÓN |
| campo de control |
20230906213239.0 |
| 008 - DATOS DE LONGITUD FIJA--INFORMACIÓN GENERAL |
| campo de control de longitud fija |
000113m18791902fr |||| | fre d |
| 040 ## - FUENTE DE CATALOGACIÓN |
| Centro catalogador/agencia de origen |
CCPB | B |
| Lengua de catalogación |
spa |
| Centro/agencia transcriptor |
CCPB | B |
| 130 0# - ENTRADA PRINCIPAL--TÍTULO UNIFORME |
| Título uniforme |
Talmud de Jerusalén. |
| 9 (RLIN) |
135418 |
| 245 13 - MENCIÓN DEL TÍTULO |
| Título |
Le Talmud de Jérusalem / |
| Mención de responsabilidad, etc. |
traduit pour la première fois par Moïse Schwab. |
| 260 ## - PUBLICACIÓN, DISTRIBUCIÓN, ETC. |
| Lugar de publicación, distribución, etc. |
Paris : |
| Nombre del editor, distribuidor, etc. |
J. Maisonneuve, libraire-éditeur, |
| Fecha de publicación, distribución, etc. |
1879-1902 ( |
| Lugar de fabricación/manufactura |
Mayenne : |
| Fabricante |
imprimerie de l'Ouest, A. Nézan) |
| 300 ## - DESCRIPCIÓN FÍSICA |
| Extensión |
11 v. (CLXXII, 176 ; VI, 441 ; IV, 396 ; VIII, 312 ; IV, 332 ; IV, 356 ; IV, 352 ; IV, 300 ; IV, 300 ; IV, 300 ; IV, 312 p.) ; |
| Dimensiones |
27 cm. |
| 505 8# - NOTA DE CONTENIDO CON FORMATO |
| Nota de contenido con formato |
Contiene: t. I. Introduction et tables générales ; Traité des Berakhoth, 1890 -- t. II. Traités Péa, Demaï, Kilaim, Schebiith, 1902 -- t. III. Traités Troumoth, Maasseroth, Maaser schéni, Halla, Orla, Biccurim, 1879 -- t. IV. Traités Scabbath et 'Eroubin, 1881 -- t. V. Traités Pesahim, Yôma et Scheqalim, 1882 -- t. VI. Traités Soucca, Rosch ha-schama, Taanith, Meghilla, Haghiga, Moëd qaton, 1883 -- t. VII. Traités Yebamoth et Sota, 1885 -- t. VIII. Traités Kethouboth, Nedarim, Guittin, 1886 -- t. IX. Traités Guitin (fin), Nazir, Qiddouschin, 1887 -- t. X. Traités Baba Qamma, Baba Mecia', Baba Bathra, Sanhédrin (I-VI), 1888 -- t. XI. Traités Sanhédrin (fin), Makkoth, Schebouoth, Aboda Zara, Horaïoth, Niddah, 1889 |
| 596 #1 - NOTA AL PIE DE IMPRENTA |
| NOTA AL PIE DE IMPRENTA |
Impresos el t. II por: Anastatischer Druck v. A. Dannenberg (Berlín) y los t. III-VIII por: Imprimerie A. Derenne (Mayenne) |
| 596 #1 - NOTA AL PIE DE IMPRENTA |
| NOTA AL PIE DE IMPRENTA |
Editados los t. VII-XI por: Maisonneuve et Ch. Leclerc, libraires-éditeurs. |
| 630 04 - PUNTO DE ACCESO ADICIONAL DE MATERIA--TÍTULO UNIFORME |
| Título uniforme |
Talmud de Jerusalén. |
| 9 (RLIN) |
135418 |
| 700 11 - ENTRADA AGREGADA--NOMBRE PERSONAL |
| Nombre de persona |
Schwab, Moïse, |
| Término indicativo de función/relación |
|
| 9 (RLIN) |
132577 |
| 752 ## - ENTRADA AGREGADA--NOMBRE JERÁRQUICO DEL LUGAR |
| País o entidad superior |
Francia - |
| Ciudad |
París |
| 752 ## - ENTRADA AGREGADA--NOMBRE JERÁRQUICO DEL LUGAR |
| País o entidad superior |
Francia - |
| Ciudad |
Mayenne |
| 852 ## - LOCALIZACIÓN |
| Ubicación |
ES-MaACL |
| Número de control de estantería |
B-4610-4618 |
| Nota libre |
-- Enc. hol. |
| condición física |
-- Falto de los v. IV y V |